00713 2200277 4500001002100000005001500021035002000036007000300056008004100059020002200100082001100122084001700133100002800150245007300178250001000251260003300261300003500294650001000329700001600339504002500355990001100380990001100391990001100402990001100413990001100424INLIS00000000000594620200715120018 a0010-0720000114ta200715 g 0 ind  a978-602-9227-56-7 a685.53 a685.53 MUH b0 aMUHAMMAD, Ihsan Nugraha1 aBerkemah di Lingkungan Sekolah /cMuhammad Ihsan Nugraha, Ade Husnul acet.3 aJakarta :bWadah Ilmu,c2012 aiv, 72 hlm. :bilus. ;c25 cm. 4aKEMAH0 aADE, Husnul aBibliografi : hlm.72 a7516 a a7516 b a7516 c a7516 d a7516 e